[Event "DVM U14 2013"]
[Site "Magdeburg GER"]
[Date "2013.12.27"]
[Round "1"]
[White "Tiedemann, Fin Niklas"]
[Black "Weber, Simon"]
[Result "0-1"]
[Termination "normal"]
[Board "6.3"]
[WhiteElo "1526"]
[BlackElo "1386"]
[WhiteTeam "Lübecker SV"]
[BlackTeam "SV Stuttgart-Wolfbusch"]
[WhiteFideId "12936936"]
[BlackFideId "12983640"]
[EventCountry "GER"]
[EventRounds "7"]
[EventType "team-swiss"]
[EventDate "2013.12.26"]

1. e4 c5 2. Nf3 Nc6 3. d4 cxd4 4. Nxd4 Nf6 5. Nc3 e5 6. Ndb5 d6 7. Bg5 a6 8.
Na3 b5 9. Nd5 Be7 10. Bxf6 Bxf6 11. c3 O-O 12. Nc2 Bg5 13. Nce3 Ne7 14. Qd3 Bb7
15. Nxe7+ Qxe7 16. Nf5 Qd7 17. Rd1 Be7 18. Be2 Kh8 19. f3 Rfd8 20. O-O d5 21.
Kh1 Bc5 22. Ng3 g6 23. exd5 Qxd5 24. Ne4 Be7 25. Qb1 Qe6 26. b3 Bd5 27. Nd2 Bg5
28. Qb2 Kg7 29. Ne4 Be7 30. Nd2 Rab8 31. Ne4 f5 32. Nf2 Bf6 33. Nd3 Qe7 34. Nb4
Bb7 35. Rxd8 Rxd8 36. Rd1 Rxd1+ 37. Bxd1 e4 38. Qd2 e3 39. Qd3 Qe5 40. c4 Qc3
41. Qxc3 Bxc3 42. Nc2 f4 43. cxb5 axb5 44. Be2 Bc6 45. Kg1 Kf7 46. Kf1 g5 47.
Na3 b4 48. Bc4+ Kf6 49. Nc2 Ke5 50. Ke2 h5 51. g3 fxg3 52. hxg3 Bd2 53. Nxe3
Bxe3 54. Kxe3 h4 55. gxh4 gxh4 56. Bf1 Bd7 57. f4+ Kd5 58. Bg2+ Kc5 59. Be4 h3
60. f5 h2 61. f6 Kd6 62. f7 Ke7 63. f8=Q+ Kxf8 64. Kf2 Bf5 65. Bd5 Ke7 66. Kg2
Kd6 67. Bc4 Kc5 68. Kxh2 Kd4 69. Kg2 Bb1 70. Kf2 Bxa2 71. Ke2 Kc3 72. Ke3 Bxb3
73. Bb5 Bc2 74. Bd7 b3 75. Be6 b2 76. Ba2 Kb4 0-1

[Event "DVM U14 2013"]
[Site "Magdeburg GER"]
[Date "2013.12.27"]
[Round "1"]
[White "Kobald, Pierre"]
[Black "Dörp, Max Marian"]
[Result "0-1"]
[Termination "normal"]
[Board "6.4"]
[WhiteElo "1095"]
[BlackElo "1183"]
[WhiteTeam "SV Stuttgart-Wolfbusch"]
[BlackTeam "Lübecker SV"]
[WhiteFideId "12983659"]
[BlackFideId "12983551"]
[EventCountry "GER"]
[EventRounds "7"]
[EventType "team-swiss"]
[EventDate "2013.12.26"]

1. e4 e5 2. Nf3 Nc6 3. Bc4 Nf6 4. d4 exd4 5. e5 d5 6. exf6 dxc4 7. Bg5 gxf6 8.
Qe2+ Be6 9. Bf4 Qd5 10. O-O O-O-O 11. Rd1 Bc5 12. Nc3 Qf5 13. Bg3 dxc3 14. Nh4
Rxd1+ 15. Rxd1 Qg4 16. Nf3 cxb2 17. h3 Qg7 18. Nd2 Rd8 19. Rb1 c3 20. Bh4 cxd2
0-1

[Event "DVM U14 2013"]
[Site "Magdeburg GER"]
[Date "2013.12.27"]
[Round "1"]
[White "von Angern, Cedric"]
[Black "Toptschiev, David"]
[Result "1/2-1/2"]
[Termination "normal"]
[Board "7.1"]
[WhiteElo "1601"]
[BlackElo "1835"]
[WhiteTeam "SG Aufbau Elbe Magdeburg"]
[BlackTeam "OSG Baden-Baden"]
[WhiteFideId "12921106"]
[BlackFideId "12968005"]
[EventCountry "GER"]
[EventRounds "7"]
[EventType "team-swiss"]
[EventDate "2013.12.26"]

1. e4 c5 2. Nf3 Nc6 3. d4 cxd4 4. Nxd4 g6 5. c4 Nf6 6. Nc3 Nxd4 7. Qxd4 d6 8.
f3 Bg7 9. Be3 O-O 10. Qd2 Be6 11. Rc1 a6 12. Be2 Rc8 13. b3 Re8 14. O-O Qa5 15.
Rc2 Rc7 16. Na4 Qxd2 17. Rxd2 Nd7 18. Nb6 Nxb6 19. Bxb6 Rc6 20. Be3 Bc3 21. Rc2
Bg7 22. Rfc1 Rec8 23. Bd3 h5 24. Kf1 Kh7 25. Kf2 Bh6 26. Bxh6 Kxh6 27. Ke3 g5
28. g3 Kg6 29. Kd2 a5 30. Ke3 b6 31. Kd2 Rf8 32. Ke3 f5 33. exf5+ Bxf5 34.
Bxf5+ Rxf5 35. Rc3 Kf6 36. Kd2 Rcc5 37. Rd3 Kf7 38. Re1 Rf6 39. Rde3 e5 40. Rd3
Ke6 41. Re2 Rc7 42. Rde3 Rcf7 43. Rf2 Kd7 44. Ke2 g4 45. Rf1 Kc6 46. a3 Kc5 47.
Rd3 Rf5 48. Rd5+ Kc6 49. f4 exf4 50. Rxf5 Rxf5 51. Rxf4 Re5+ 52. Kd2 1/2-1/2

[Event "DVM U14 2013"]
[Site "Magdeburg GER"]
[Date "2013.12.27"]
[Round "1"]
[White "Jurga, Jonas Vincent"]
[Black "Rößler, Linus Benedict"]
[Result "1/2-1/2"]
[Termination "normal"]
[Board "7.2"]
[WhiteElo "1641"]
[BlackElo "1566"]
[WhiteTeam "OSG Baden-Baden"]
[BlackTeam "SG Aufbau Elbe Magdeburg"]
[WhiteFideId "12968013"]
[BlackFideId "12921076"]
[EventCountry "GER"]
[EventRounds "7"]
[EventType "team-swiss"]
[EventDate "2013.12.26"]

1. e4 c5 2. Nf3 d6 3. d4 cxd4 4. Nxd4 Nf6 5. Nc3 a6 6. f3 e5 7. Nb3 Be6 8. Nd5
Nbd7 9. c4 Be7 10. Be3 O-O 11. Be2 Nc5 12. Nxc5 dxc5 13. O-O Bd6 14. Rc1 b6 15.
Qd2 Nxd5 16. cxd5 Bd7 17. b3 a5 18. a4 Rc8 19. Bc4 Kh8 20. Rf2 Qe7 21. Qd3 Qe8
22. Bb5 Bxb5 23. axb5 Qd7 24. Qc4 Qe7 25. f4 f6 26. Rcf1 Rce8 27. fxe5 fxe5 28.
Rxf8+ Rxf8 29. Rxf8+ Qxf8 30. Qf1 Qe7 31. Qf5 Kg8 32. Bg5 Qe8 33. Qe6+ Qxe6 34.
dxe6 1/2-1/2

[Event "DVM U14 2013"]
[Site "Magdeburg GER"]
[Date "2013.12.27"]
[Round "1"]
[White "Wagner, Tobias"]
[Black "Bossert, Felix"]
[Result "1-0"]
[Termination "normal"]
[Board "7.3"]
[WhiteElo "1423"]
[BlackElo "1516"]
[WhiteTeam "SG Aufbau Elbe Magdeburg"]
[BlackTeam "OSG Baden-Baden"]
[WhiteFideId "12943452"]
[BlackFideId "12960977"]
[EventCountry "GER"]
[EventRounds "7"]
[EventType "team-swiss"]
[EventDate "2013.12.26"]

1. e4 c5 2. Nf3 d6 3. d4 cxd4 4. Nxd4 Nf6 5. Nc3 g6 6. f3 Bg7 7. Be3 Nc6 8. Qd2
Bd7 9. O-O-O Rc8 10. h4 h5 11. Be2 a6 12. Nxc6 Rxc6 13. Bd4 b5 14. Nd5 Bh6 15.
Nxf6+ exf6 16. Be3 Bxe3 17. Qxe3 Qa5 18. a3 b4 19. Rd5 Qa4 20. Qd3 Ke7 21. Rd4
Rb8 22. Bd1 a5 23. Kb1 Be6 24. c4 Bxc4 25. Bxa4 Bxd3+ 26. Rxd3 1-0

[Event "DVM U14 2013"]
[Site "Magdeburg GER"]
[Date "2013.12.27"]
[Round "1"]
[White "Schuster, Benjamin"]
[Black "Lellek, Lewin Louis"]
[Result "0-1"]
[Termination "normal"]
[Board "7.4"]
[WhiteElo "1542"]
[BlackElo "1270"]
[WhiteTeam "OSG Baden-Baden"]
[BlackTeam "SG Aufbau Elbe Magdeburg"]
[WhiteFideId "12968056"]
[BlackFideId "12971820"]
[EventCountry "GER"]
[EventRounds "7"]
[EventType "team-swiss"]
[EventDate "2013.12.26"]

1. e4 e5 2. Nf3 Nc6 3. Bc4 Bc5 4. c3 Nf6 5. d3 O-O 6. Be3 Bb6 7. O-O d5 8. exd5
Nxd5 9. Bxb6 Nxb6 10. Nbd2 Bf5 11. Re1 Bxd3 12. Bxd3 Qxd3 13. Nxe5 Nxe5 14.
Rxe5 Rad8 15. Re7 Qxd2 16. Qxd2 Rxd2 17. Rxc7 Rfd8 18. g3 R8d7 19. Rxd7 Nxd7
20. b4 Kf8 21. a4 Rc2 22. Rd1 Ke8 23. Re1+ Kd8 24. Re3 Ra2 25. a5 b6 26. axb6
Nxb6 27. Kg2 Na4 28. c4 Rb2 29. Rf3 f6 30. Ra3 0-1

[Event "DVM U14 2013"]
[Site "Magdeburg GER"]
[Date "2013.12.27"]
[Round "1"]
[White "Greßmann, Moritz"]
[Black "Philipp, Mathias"]
[Result "1-0"]
[Termination "normal"]
[Board "8.1"]
[WhiteElo "1919"]
[BlackElo "1744"]
[WhiteTeam "BSV 63 Chemie Weißensee"]
[BlackTeam "SSV Vimaria Weimar"]
[WhiteFideId "24695084"]
[BlackFideId "12958883"]
[EventCountry "GER"]
[EventRounds "7"]
[EventType "team-swiss"]
[EventDate "2013.12.26"]

1. e4 e5 2. Nf3 Nc6 3. Bc4 Bc5 4. c3 Nf6 5. d3 d6 6. O-O O-O 7. Bb3 Be6 8. Bc2
d5 9. exd5 Bxd5 10. b4 Bd6 11. Nbd2 Re8 12. Re1 a6 13. Bb2 Qd7 14. a3 Bxf3 15.
Nxf3 Rad8 16. c4 Nd4 17. c5 Nxf3+ 18. Qxf3 e4 19. dxe4 Be5 20. Bxe5 Rxe5 21.
Rad1 Qe7 22. Qf4 Rxd1 23. Rxd1 g5 24. Qe3 c6 25. f3 g4 26. f4 Re6 27. f5 Re5
28. Qg5+ 1-0

[Event "DVM U14 2013"]
[Site "Magdeburg GER"]
[Date "2013.12.27"]
[Round "1"]
[White "Latka, Richard"]
[Black "Fege, Julian"]
[Result "1-0"]
[Termination "normal"]
[Board "8.2"]
[WhiteElo "1485"]
[BlackElo "1557"]
[WhiteTeam "SSV Vimaria Weimar"]
[BlackTeam "BSV 63 Chemie Weißensee"]
[WhiteFideId "24690082"]
[BlackFideId "24699551"]
[EventCountry "GER"]
[EventRounds "7"]
[EventType "team-swiss"]
[EventDate "2013.12.26"]

1. e4 c5 2. Nf3 Nc6 3. d4 cxd4 4. Nxd4 Nf6 5. Nc3 e6 6. f4 Bb4 7. Nxc6 bxc6 8.
Bd3 O-O 9. Bd2 d5 10. e5 Ne8 11. O-O Bc5+ 12. Kh1 a6 13. Na4 Be7 14. Rf3 c5 15.
Bxh7+ Kxh7 16. Rh3+ Kg8 17. Qh5 f6 18. Qh7+ Kf7 19. Qh5+ Kg8 20. Rf1 fxe5 21.
Qh7+ Kf7 22. fxe5+ 1-0

[Event "DVM U14 2013"]
[Site "Magdeburg GER"]
[Date "2013.12.27"]
[Round "1"]
[White "Fabiunke, Jakob"]
[Black "Grabolle, Anton"]
[Result "1-0"]
[Termination "normal"]
[Board "8.3"]
[WhiteElo "1478"]
[BlackElo "1105"]
[WhiteTeam "BSV 63 Chemie Weißensee"]
[BlackTeam "SSV Vimaria Weimar"]
[WhiteFideId "24686085"]
[BlackFideId "12983675"]
[EventCountry "GER"]
[EventRounds "7"]
[EventType "team-swiss"]
[EventDate "2013.12.26"]

1. d4 d5 2. c4 e6 3. Nc3 c6 4. Nf3 Bd6 5. e3 f5 6. Be2 Nf6 7. O-O O-O 8. c5 Bc7
9. b4 b6 10. cxb6 axb6 11. a4 Nbd7 12. Ba3 e5 13. b5 c5 14. dxc5 bxc5 15. Nxd5
Nxd5 16. Qxd5+ Kh8 17. Qxa8 Nb6 18. Qc6 Nxa4 19. Bxc5 Nxc5 20. Qxc5 Rf6 21.
Nxe5 h6 22. Rfd1 Qe8 23. Qxc7 Be6 24. Rd8 Qxd8 25. Qxd8+ Kh7 26. Ra7 Bg8 27.
Qxf6 Kh8 28. Qxg7# 1-0

[Event "DVM U14 2013"]
[Site "Magdeburg GER"]
[Date "2013.12.27"]
[Round "1"]
[White "Katzschmann, Christian"]
[Black "Henke, Georg"]
[Result "0-1"]
[Termination "normal"]
[Board "8.4"]
[WhiteElo "1221"]
[BlackElo "1475"]
[WhiteTeam "SSV Vimaria Weimar"]
[BlackTeam "BSV 63 Chemie Weißensee"]
[WhiteFideId "12983667"]
[BlackFideId "24693936"]
[EventCountry "GER"]
[EventRounds "7"]
[EventType "team-swiss"]
[EventDate "2013.12.26"]

1. e4 c5 2. Nf3 Nc6 3. d4 cxd4 4. Nxd4 Nf6 5. Nc3 e5 6. Ndb5 d6 7. Be2 a6 8.
Na3 b5 9. Nd5 Nxe4 10. Bf3 Bf5 11. Qe2 Nd4 12. Qe3 Nxf3+ 13. gxf3 Nc5 14. f4
Be6 15. Qf3 e4 16. Qd1 Qb8 17. b3 Qb7 18. Ne3 Qd7 19. Bb2 d5 20. f5 Bxf5 21.
Qxd5 Qxd5 22. Nxd5 Rc8 23. Ne3 Bg6 24. Rf1 Ne6 25. O-O-O Bc5 26. Kb1 O-O 27. c4
b4 28. Nac2 Nf4 29. Nd5 Nd3 30. Ba1 a5 31. Ne1 Nxf2 32. Ne7+ Bxe7 33. Rxf2 e3+
34. Rc2 Bxc2+ 35. Kxc2 e2 36. Rd2 Bh4 37. Rxe2 Rce8 38. Rg2 f6 39. Nf3 Be1 40.
Bb2 Bc3 41. Bxc3 bxc3 42. Kxc3 Re3+ 0-1

[Event "DVM U14 2013"]
[Site "Magdeburg GER"]
[Date "2013.12.27"]
[Round "1"]
[White "Herbert, Fabian"]
[Black "Berezhnoy, Alex"]
[Result "0-1"]
[Termination "normal"]
[Board "9.1"]
[WhiteElo "1327"]
[BlackElo "1755"]
[WhiteTeam "Sfr. Schöneck"]
[BlackTeam "VfSuF Düsseldorf-Süd"]
[WhiteFideId "12940402"]
[BlackFideId "12918997"]
[EventCountry "GER"]
[EventRounds "7"]
[EventType "team-swiss"]
[EventDate "2013.12.26"]

1. e4 e5 2. Bc4 Nf6 3. Nf3 Nxe4 4. Nc3 Nf6 5. O-O d5 6. Bb3 e4 7. Re1 Be7 8.
Nd4 O-O 9. d3 c5 10. Nde2 exd3 11. cxd3 Nc6 12. Nf4 d4 13. Ncd5 Nxd5 14. Nxd5
Bg5 15. Qf3 Be6 16. Bxg5 Qxg5 17. Nc7 Bxb3 18. Nxa8 Bd5 19. Qh3 Rxa8 20. Rac1
Be6 21. Qf3 Rd8 22. Qe4 h6 23. Rc2 Bd5 24. h4 Bxe4 25. hxg5 Bxd3 26. Rd2 c4 27.
Red1 Ne5 28. Re1 f6 29. f4 Ng4 30. b3 b5 31. bxc4 bxc4 32. a3 Bg6 33. Rdd1 d3
34. Ra1 d2 35. Rf1 c3 36. g3 c2 37. f5 Bxf5 38. a4 Be4 39. a5 d1=Q 40. Raxd1
cxd1=Q 41. Rxd1 Rxd1# 0-1

[Event "DVM U14 2013"]
[Site "Magdeburg GER"]
[Date "2013.12.27"]
[Round "1"]
[White "Surguchov, Alexander"]
[Black "Timpel, Kaan"]
[Result "1-0"]
[Termination "normal"]
[Board "9.2"]
[WhiteElo "1717"]
[BlackElo "1044"]
[WhiteTeam "VfSuF Düsseldorf-Süd"]
[BlackTeam "Sfr. Schöneck"]
[WhiteFideId "1272035"]
[BlackFideId "12983683"]
[EventCountry "GER"]
[EventRounds "7"]
[EventType "team-swiss"]
[EventDate "2013.12.26"]

1. d4 d5 2. Bf4 Bf5 3. e3 e6 4. Nf3 Bd6 5. Bg3 Bxg3 6. hxg3 Nc6 7. c3 Nf6 8.
Nbd2 O-O 9. Be2 Qd6 10. O-O e5 11. dxe5 Nxe5 12. Nxe5 Qxe5 13. Nf3 Qe4 14. Nd4
Bg4 15. Bf3 Bxf3 16. Qxf3 Qxf3 17. gxf3 c5 18. Ne2 Rad8 19. Rfd1 b5 20. b4 c4
21. Nd4 Rd6 22. Nxb5 Rb6 23. Nd4 Nd7 24. f4 f6 25. Nf5 Rb5 26. a4 Rb6 27. Rxd5
Rb7 28. a5 a6 29. Rad1 Rd8 30. Ne7+ Kf7 31. Nc6 Ke8 32. Nxd8 Kxd8 33. Rd6 Ra7
34. Rc6 Rc7 35. Rxa6 Kc8 36. Rad6 h6 37. Rxd7 Rxd7 38. Rxd7 Kxd7 39. f5 h5 40.
Kg2 Kc7 41. Kh3 Kb7 42. Kh4 Ka6 43. Kxh5 Kb5 44. Kg6 Ka6 45. Kxg7 Kb5 46. Kxf6
Ka6 47. g4 Kb5 48. e4 Ka6 49. Ke5 Kb5 50. Kd5 Ka6 51. Kxc4 Kb7 52. Kb5 Ka7 53.
f6 Kb7 54. f7 Kc7 55. f8=Q Kd7 56. Qf6 Kc7 57. g5 Kd7 58. g6 Kc7 59. g7 Kd7 60.
g8=Q Kc7 61. Qe7# 1-0

[Event "DVM U14 2013"]
[Site "Magdeburg GER"]
[Date "2013.12.27"]
[Round "1"]
[White "Bröll, Justin"]
[Black "Schmitz, Fabian"]
[Result "0-1"]
[Termination "normal"]
[Board "9.3"]
[WhiteElo "1032"]
[BlackElo "1484"]
[WhiteTeam "Sfr. Schöneck"]
[BlackTeam "VfSuF Düsseldorf-Süd"]
[WhiteFideId "12983691"]
[BlackFideId "12965006"]
[EventCountry "GER"]
[EventRounds "7"]
[EventType "team-swiss"]
[EventDate "2013.12.26"]

1. e4 e6 2. Nc3 d5 3. exd5 exd5 4. d4 c6 5. Bd3 Nf6 6. Nf3 Bd6 7. O-O O-O 8.
Be3 Qc7 9. h3 h6 10. Qd2 Nh7 11. Bxh6 gxh6 12. Qxh6 f6 13. Rfe1 Qg7 14. Qxg7+
Kxg7 15. Nh4 f5 16. Re2 Na6 17. a3 Nc7 18. Rae1 Ng5 19. Re3 f4 20. R3e2 f3 21.
gxf3 Nxf3+ 22. Nxf3 Rxf3 23. Re3 Rxh3 24. Kf1 Rh1+ 25. Ke2 Rxe1+ 26. Kxe1 Bd7
27. Ke2 Ne6 28. Kd1 Nxd4 29. Ne2 Nxe2 30. Kxe2 Re8 31. Rxe8 Bxe8 32. Ke3 Bg6
33. Bxg6 Kxg6 34. b4 Kf5 35. Kd4 b5 36. Ke3 Be5 37. Kd3 Kf4 38. c3 Kf3 39. Kd2
Kxf2 40. Kd3 Ke1 41. Kc2 Ke2 42. Kb2 Kd2 43. Kb3 Bxc3 44. Ka2 Kc2 45. a4 d4 46.
axb5 cxb5 47. Ka3 d3 48. Ka2 d2 49. Ka3 d1=Q 50. Ka2 Qa1# 0-1

[Event "DVM U14 2013"]
[Site "Magdeburg GER"]
[Date "2013.12.27"]
[Round "1"]
[White "Gula, Julian"]
[Black "Jung, Kenny"]
[Result "1-0"]
[Termination "normal"]
[Board "9.4"]
[WhiteElo "1617"]
[BlackElo "977"]
[WhiteTeam "VfSuF Düsseldorf-Süd"]
[BlackTeam "Sfr. Schöneck"]
[WhiteFideId "12954799"]
[BlackFideId "12983713"]
[EventCountry "GER"]
[EventRounds "7"]
[EventType "team-swiss"]
[EventDate "2013.12.26"]

1. e4 e5 2. Nf3 Nc6 3. Bc4 h6 4. O-O Nf6 5. Re1 Bc5 6. c3 Bb6 7. d4 exd4 8.
cxd4 O-O 9. e5 Ba5 10. Bd2 Bxd2 11. Qxd2 Nh7 12. d5 Ne7 13. d6 Nf5 14. Nc3 Ng5
15. Nxg5 Qxg5 16. Qxg5 hxg5 17. dxc7 Re8 18. Ne4 Rxe5 19. Nxg5 Rxe1+ 20. Rxe1
Nd6 21. Bxf7+ Nxf7 22. Re8# 1-0

[Event "DVM U14 2013"]
[Site "Magdeburg GER"]
[Date "2013.12.27"]
[Round "1"]
[White "Tong, Kevin"]
[Black "Sirbu, Nikita"]
[Result "1-0"]
[Termination "normal"]
[Board "10.1"]
[WhiteElo "1674"]
[BlackElo "1282"]
[WhiteTeam "SC Erlangen"]
[BlackTeam "Karlsruher SF 1853"]
[WhiteFideId "12913944"]
[BlackFideId "12946370"]
[EventCountry "GER"]
[EventRounds "7"]
[EventType "team-swiss"]
[EventDate "2013.12.26"]

1. e4 c5 2. Nf3 e6 3. d4 cxd4 4. Nxd4 a6 5. c4 Qc7 6. Nc3 Bc5 7. Be3 Ne7 8. Be2
O-O 9. O-O Ba7 10. Rc1 Nbc6 11. Qd2 Nxd4 12. Bxd4 Qd6 13. Rfd1 Qxd4 14. Qxd4
Bxd4 15. Rxd4 Nc6 16. Rd6 b6 17. Rcd1 Rb8 18. f4 f5 19. e5 Rf7 20. Na4 h6 21.
Bf3 b5 22. cxb5 axb5 23. Nc5 Rb6 24. Nxd7 Bxd7 25. Rxd7 Rxd7 26. Rxd7 Na5 27.
b3 g5 28. g3 b4 29. Kf2 Rb8 30. Ra7 Rb5 31. Ke3 Rc5 32. Kd4 Nxb3+ 33. axb3 Rc3
34. Bd1 Rc1 35. Be2 Rb1 36. Bc4 gxf4 37. Bxe6+ Kf8 38. gxf4 Rb2 39. Bxf5 Rxb3
40. e6 1-0

[Event "DVM U14 2013"]
[Site "Magdeburg GER"]
[Date "2013.12.27"]
[Round "1"]
[White "Kokshenyev, Michael"]
[Black "Tschammer, Kai"]
[Result "0-1"]
[Termination "normal"]
[Board "10.2"]
[WhiteElo "1091"]
[BlackElo "1612"]
[WhiteTeam "Karlsruher SF 1853"]
[BlackTeam "SC Erlangen"]
[WhiteFideId "12983721"]
[BlackFideId "12939099"]
[EventCountry "GER"]
[EventRounds "7"]
[EventType "team-swiss"]
[EventDate "2013.12.26"]

1. c4 e5 2. Nc3 Nc6 3. d3 f5 4. e3 Bc5 5. Nge2 Nf6 6. g3 O-O 7. Bg2 d6 8. O-O
Qe8 9. b3 Qf7 10. f4 Ng4 11. Nd5 Be6 12. d4 Bb6 13. Bd2 exd4 14. Nxb6 axb6 15.
exd4 Bd7 16. h3 Nf6 17. d5 Ne7 18. Nd4 Qg6 19. Kh2 Nh5 20. Qf3 Nf6 21. Rfe1 Ne4
22. Qd3 Qh6 23. Bxe4 fxe4 24. Qxe4 Qxh3+ 25. Kg1 Rae8 26. Re3 Nf5 27. Ne6 Nxe3
28. Qxe3 Bxe6 29. dxe6 Rxe6 30. Qf2 Rg6 31. Be1 Rh6 32. Qg2 Qg4 33. Bf2 Rg6 34.
Re1 c6 35. Re7 Rxf4 36. Re8+ Kf7 37. Re3 Rf5 38. Re4 Qg5 39. Re3 Re5 40. Rf3+
Rf5 41. Rd3 Qc1+ 42. Qf1 Qc2 43. Kg2 Rgf6 44. Re3 Rxf2+ 45. Qxf2 Qxf2+ 0-1

[Event "DVM U14 2013"]
[Site "Magdeburg GER"]
[Date "2013.12.27"]
[Round "1"]
[White "Grüninger, Maxim"]
[Black "Klingenberg, Florian"]
[Result "1-0"]
[Termination "normal"]
[Board "10.3"]
[WhiteElo "1606"]
[BlackElo "961"]
[WhiteTeam "SC Erlangen"]
[BlackTeam "Karlsruher SF 1853"]
[WhiteFideId "12942960"]
[BlackFideId "12983730"]
[EventCountry "GER"]
[EventRounds "7"]
[EventType "team-swiss"]
[EventDate "2013.12.26"]

1. e4 c6 2. d4 d5 3. exd5 cxd5 4. Bf4 Nc6 5. Nf3 Nf6 6. Nc3 g6 7. Bb5 Bg7 8.
O-O O-O 9. Qd2 a6 10. Ba4 b5 11. Bb3 Re8 12. Rfe1 Bg4 13. Ne5 Rc8 14. Re3 Bf5
15. Nf3 Ne4 16. Nxe4 Bxe4 17. Rd1 Bxf3 18. Rxf3 Nxd4 19. Rd3 Nxb3 20. Rxb3 e6
21. Bh6 Rc6 22. Rb1 Qe7 23. Rh3 Qf8 24. Bg5 Rec8 25. c3 h5 26. Qf4 Qd6 27. Qh4
b4 28. Be7 Qe5 29. Bxb4 Rc4 30. Qg3 Qxg3 31. Rxg3 d4 32. Rc1 dxc3 33. Bxc3 Bxc3
34. Rgxc3 Rxc3 35. Rxc3 Rxc3 36. bxc3 Kf8 37. f4 Ke7 38. Kf2 Kd6 39. Ke3 Kc5
40. Kd3 Kd5 41. c4+ Kc5 42. Kc3 f6 43. g3 e5 44. Kd3 e4+ 45. Kxe4 Kxc4 46. h4
Kb4 47. Kd5 Ka3 48. Ke6 Kxa2 49. Kxf6 a5 50. Kxg6 a4 51. f5 a3 52. f6 Kb2 53.
f7 a2 54. f8=Q a1=Q 55. Qf6+ Ka2 56. Qxa1+ Kxa1 57. Kxh5 Ka2 58. g4 Kb2 59. g5
1-0

[Event "DVM U14 2013"]
[Site "Magdeburg GER"]
[Date "2013.12.27"]
[Round "1"]
[White "Wegmer, Leon"]
[Black "Buzatu, Alexander"]
[Result "0-1"]
[Termination "normal"]
[Board "10.4"]
[WhiteElo "918"]
[BlackElo "1211"]
[WhiteTeam "Karlsruher SF 1853"]
[BlackTeam "SC Erlangen"]
[WhiteFideId "12983748"]
[BlackFideId "12983560"]
[EventCountry "GER"]
[EventRounds "7"]
[EventType "team-swiss"]
[EventDate "2013.12.26"]

1. d4 d5 2. c4 dxc4 3. e4 Nc6 4. Nf3 Nf6 5. Nc3 Bg4 6. Bxc4 Bxf3 7. Qxf3 Nxd4
8. Qd3 e5 9. O-O c6 10. Bg5 h6 11. Bxf6 Qxf6 12. Ne2 Rd8 13. Nxd4 Rxd4 14. Qc2
Bc5 15. Rad1 O-O 16. Rxd4 Bxd4 17. Bd3 Rd8 18. h3 Bxb2 19. Qxb2 Rxd3 20. Qxb7
Qg6 21. Qc8+ Kh7 22. f3 Rd2 23. Qg4 Qxg4 24. fxg4 f6 25. a3 Rc2 26. Re1 c5 27.
Kf1 c4 28. Re2 Rxe2 29. Kxe2 Kg6 30. Kd2 Kg5 31. g3 h5 32. gxh5 f5 33. exf5
Kxf5 34. Ke3 c3 35. Kd3 c2 36. Kxc2 Ke4 37. Kd2 Kf3 38. Kd3 e4+ 39. Kd2 Kf2 40.
g4 e3+ 41. Kd1 e2+ 42. Kd2 e1=Q+ 43. Kd3 Qe3+ 44. Kc4 Qxh3 45. Kd4 Qxg4+ 46.
Kd3 Qxh5 47. Ke4 g5 48. Kf5 g4+ 49. Kf4 g3 50. Ke4 g2 51. Kf4 g1=R 52. Ke4 Rd1
53. Kf4 Rd4# 0-1